Quy chế đấu thầu
Uloženo v:
| Médium: | Kniha |
|---|---|
| Jazyk: | Vietnamese |
| Vydáno: |
Xây dựng
2000
|
| Tagy: |
Přidat tag
Žádné tagy, Buďte první, kdo otaguje tento záznam!
|
| Thư viện lưu trữ: | Mạng thư viện Đại học Đà Nẵng |
|---|
| LEADER | 00704nam a2200253 4500 | ||
|---|---|---|---|
| 001 | 000020612 | ||
| 003 | 17058 | ||
| 005 | 20150604160623.0 | ||
| 008 | 150324s2000 viesd | ||
| 020 | |c 22000 | ||
| 041 | 0 | |a vie | |
| 082 | 1 | 4 | |a 343.59707 |b Qu-C |
| 245 | 1 | 0 | |a Quy chế đấu thầu |c NĐ-CP ngày 01 tháng 9 năm 1999 của Chính phủ |
| 246 | |a Regulation on bidding : Ban hành kèm theo nghị định số 88/1999 | ||
| 260 | |b Xây dựng |c 2000 | ||
| 300 | |a tr. |c cm. | ||
| OWN | |a LSP | ||
| 999 | |a From the UDN01 | ||
| TYP | |a Monograph | ||
| TYP | |a Printed language | ||
| 980 | |a Mạng thư viện Đại học Đà Nẵng | ||